Change in extended family living among elderly people in South Korea, 1970-80 (Record no. 23824)

000 -LEADER
fixed length control field 00374pab a2200121 454500
008 - FIXED-LENGTH DATA ELEMENTS--GENERAL INFORMATION
fixed length control field 180718b xxu||||| |||| 00| 0 eng d
100 ## - MAIN ENTRY--PERSONAL NAME
Personal name Vos, Susan De
245 ## - TITLE STATEMENT
Title Change in extended family living among elderly people in South Korea, 1970-80
650 ## - SUBJECT ADDED ENTRY--TOPICAL TERM
Topical term or geographic name entry element Old Age - Korea, South
700 ## - ADDED ENTRY--PERSONAL NAME
Personal name Lee, Yean-Ju
773 ## - HOST ITEM ENTRY
Main entry heading Economic Development and Cultural Change
909 ## -
-- 23824
Holdings
Withdrawn status Lost status Damaged status Not for loan Permanent Location Current Location Date acquired Serial Enumeration / chronology Barcode Date last seen Price effective from Koha item type
        Indian Institute of Public Administration Indian Institute of Public Administration 2018-07-19 Issue no: 41(2) Jan.93, p.376-93 AR23893 2018-07-19 2018-07-19 Articles

Powered by Koha